000 00360 a2200157 4500
001 167811
020 _a
040 _cMagnum
100 _aStienecker, David L.
240 1 0 _aSubtracao: problemas, jogos e enigmas
_lpor
245 1 0 _aSubtracao: problemas, jogos e enigmas
362 0 _a1899
440 1 _aModerna
697 _aPARADIDATICO
942 _cBK
999 _c167811
_d167811